Statystyki dla Państwa najbliższe Antarktydzie z mapą

Kliknij tutaj aby rozwiązać quiz!

Ogólne statystyki

  • Ten quiz został rozwiązany 223 razy
  • Średni wynik to 17 z 20

Odpowiedzi na mapie

Odpowiedzi skodowane kolorowo w zielono-czerwonej skali na mapie do tego quizu, zgodnie z poniższymi procentami.
 

Statystyki odpowiedzi

KmKraj% Poprawnych
3856Republika
Południowej Afryki
98%
1023Argentyna
97%
2518Australia
97%
1005Chile
97%
3292Brazylia
96%
2484Nowa Zelandia
95%
4513Madagaskar
93%
3151Urugwaj
93%
3978Paragwaj
92%
4523Boliwia
91%
5094Peru
91%
4236Lesotho
88%
4646Mozambik
83%
4513Namibia
81%
4597Eswatini
79%
4714Botswana
78%
5070Zimbabwe
78%
5576Malawi
69%
5052Mauritius
67%
5438Vanuatu
44%

Rozkład punktacji

Percentyl według liczby udzielonych odpowiedzi

Procent ludzi z każdym wynikiem

Twoja historia wyników

Nie rozwiązałeś tego quizu